000 00675nam a2200277Ia 4500
005 20260324145317.0
008 008 260324s9999 xx 000 0 eng d
020 _a9780203838389
037 _aEBOOK
040 _aCRL
040 _beng
040 _cCRL
041 _2eng
041 _aeng
084 _qCRL
100 _aPeter Robson
_91122453
245 0 _aIntegration, development and equity: economic integration in West Africa
260 _bTaylor and Francis
260 _c1983
365 _a
365 _b62.99
856 _uhttp://www.taylorfrancis.com/books/9780203838389
942 _cEBOOK
999 _c1830234
_d1830234